000 00970nam a22001935i 4500
001 163770
003 ES-MaACL
005 20230906212816.0
008 050719s1880 xx | |||||||| ||spa d
040 _aCAM
_bspa
_cCAM
100 1 _aRodríguez de Tió, Lola.
_998475
245 1 0 _aMi ofrenda
_b: poesía dedicada al Gabinete de Lectura Ponceño con motivo de la Velada Literaria iniciada en honor del ... poeta puertoriqueño D. José Gautier Benítez /
_cpor Lola Rodríguez de Tió.
260 _a[S.l. :
_bs.n.,
_cs.a.]
300 _a[7] h. ;
_c27 cm.
594 _aHay tres anteps. con el tít. repartido entre las tres: "Homenaje de la ciudad de San Germán/a la memoria del inspirado cantor de Puerto-Rico/al gabinete de lectura ponceño"
596 _aEn ded. ms. de la autora consta: San Germán, 1880.
600 0 4 _aGautier Benítez, José.
_956056
852 _aES-MaACL
_jT-327-F-1
_z-- Enc. hol., falto de la cub. original
_z-- Enc. en un vol. facticio
999 _c163770
_d163770